00521nam a2200193 a 4500001001300000003000900013005001700022008004100039020002300080082001600103100002400119245003500143260003200178300000900210500003500219505002500254650002400279700002400303nice12345678IN_TiNIC20260116014855.0110909s2011 lona grp 000 0 eng  a9781850438571c49500a958.1bRAS1 aRasanayagam, Angelo aAfghanistanb A Modern History aLondon bTauris Pub. c2011 a311p aincludes index and biblioraphy2 anotes, biblio, index aAfghanistan-History1 aRasanayagam, Angelo